01400nam a2200157 a 4500008004100000020001800041041000800059100002900067245005700096250001100153260003300164300002400197500008800221505091800309655001501227190917e2014 ag |||g |||| 001 0 spa d a9789873360985 aspa1 aVitarelli, Maria Beatriz 4aLos reflejos de la meseta /cMaria Beatriz Vitarelli a1a ed. aNeuquén:bel autor;c2014. a100 p.c14,5x21 cm. aVitarello, M. B. (2014). Los reflejos de la meseta. (1a ed.). Neuquén : el autor. aLa obra poética de Irma Cuña (1932-2004) supo conjugar con suma fineza un universo lírico donde diversas voces lograron conformar una visión múltiple de los mundos que habitaban a esta gran escritora, docente e investigadora neuquina. Así, desde esa complicidad silenciosa que parecía susurrarle la meseta patagónica en las inaugurales páginas de Neuquina, hasta el halo místico que insinuaron sus últimos poemas en Salmos, la obra de Irma Cuña trascendió las fronteras regionales y nacionales para dar testimonio de un discurso lírico que, además de pronunciarse en una búsqueda incesante de esa otredad que la esperanzaba, hacía del hecho poético una estrategia sublime para proyectarse más allá de los límites de un horizonte formalmente permitido. Sin duda, una configuración utópica que podría resumir la intencionalidad que atesoraba su palabra en el poema.  aLiteratura